000 00456nam a2200193Ia 4500
005 20240913125631.0
008 240913s9999||||xx |||||||||||||| ||und||
020 _a978-1-891389-62-7
041 _aENGLISH
082 _A530.12 Q0
100 _aJohn S Townsend
245 0 _aQuantum Physics
250 _a1st
260 _c2010
_bUNiversity Science
500 _aREFERENCE
650 _aQuantum Physics
_bPhysics
942 _cREF
999 _c245952
_d245952